书目信息 |
| 题名: |
2009全国注册岩土工程师执业资格考试专业考试考前30天冲刺
|
|
| 作者: | 李彰明 主编 | |
| 分册: | ||
| 出版信息: | 北京 中国电力出版社 2009.05 |
|
| 页数: | 886页 | |
| 开本: | 26cm | |
| 丛书名: | ||
| 单 册: | ||
| 中图分类: | TU4 | |
| 科图分类: | ||
| 主题词: | 岩土工程--yan tu gong cheng--考核--自学参考资料 | |
| 电子资源: | ||
| ISBN: | 978-7-5083-8766-6 | |
| 000 | 00947nam0 2200241 450 | |
| 001 | 012009657250 | |
| 005 | 20091124090552.23 | |
| 010 | @a978-7-5083-8766-6@dCNY108.00 | |
| 100 | @a20091124d2009 em y0chiy0120 ea | |
| 101 | 0 | @achi |
| 102 | @aCN@b110000 | |
| 105 | @ak a 000yy | |
| 106 | @ar | |
| 200 | 1 | @a2009全国注册岩土工程师执业资格考试专业考试考前30天冲刺@A2009 quan guo zhu ce yan tu gong cheng shi zhi ye zi ge kao shi zhuan ye kao shi kao qian 30 tian chong ci@f李彰明主编@Fli zhang ming zhu bian |
| 210 | @a北京@c中国电力出版社@d2009.05 | |
| 215 | @a886页@d26cm | |
| 320 | @a有书目 (第884-886页) | |
| 330 | @a本书紧扣考试大纲、规范和考试题型及其变化趋势,按照考试科目的分值分配。全书共由30天内容组成,涵盖专业考试大纲所要求的知识点。 | |
| 606 | 0 | @a岩土工程@Ayan tu gong cheng@x考核@j自学参考资料 |
| 690 | @aTU4@v4 | |
| 701 | 0 | @a李彰明@Ali zhang ming@4主编 |
| 801 | 0 | @aCN@bQSSK@c20091124 |
| 905 | @b765195-96@dTU4@eL334@f2 | |
| 2009全国注册岩土工程师执业资格考试专业考试考前30天冲刺/李彰明主编.-北京:中国电力出版社,2009.05 |
| 886页;26cm |
| ISBN 978-7-5083-8766-6:CNY108.00 |
| 本书紧扣考试大纲、规范和考试题型及其变化趋势,按照考试科目的分值分配。全书共由30天内容组成,涵盖专业考试大纲所要求的知识点。 |
| ● |
| 相关链接 |
|
|
|
正题名:2009全国注册岩土工程师执业资格考试专业考
索取号:TU4/L334
 
预约/预借
| 序号 | 登录号 | 条形码 | 馆藏地/架位号 | 状态 | 备注 |
| 1 | 765195 | 207651959 | 建筑库101/101建筑库 92排3列4层/ [索取号:TU4/L334] | 在馆 | |
| 2 | 765196 | 207651968 | 建筑库101/101建筑库 92排3列4层/ [索取号:TU4/L334] | 在馆 |